ბათუმის შოთა რუსთაველის სახელმწიფო უნივერსიტეტის ბიბლიოთეკა

Элементы линейной алгебры и аналитической геометрии. (ბიბ.ჩანაწერი № 39126)

000 -LEADER
fixed length control field 00764nam a2200229Ia 4500
001 - CONTROL NUMBER
control field 5707
003 - CONTROL NUMBER IDENTIFIER
control field GE_BSU
008 - FIXED-LENGTH DATA ELEMENTS--GENERAL INFORMATION
fixed length control field 181216s||||||||xx |||||||||||||| ||und||
040 ## - CATALOGING SOURCE
Transcribing agency GE_BSU
080 ## - UNIVERSAL DECIMAL CLASSIFICATION NUMBER
Universal Decimal Classification number 512.64(075.8)+514.12(075.8)
100 ## - MAIN ENTRY--PERSONAL NAME
Personal name Бугров, Я. С; Никольский, С.М;
245 ## - TITLE STATEMENT
Title Элементы линейной алгебры и аналитической геометрии.
245 ## - TITLE STATEMENT
Remainder of title Учебник для студ вузов
250 ## - EDITION STATEMENT
Edition statement изд. 2-е
260 ## - PUBLICATION, DISTRIBUTION, ETC.
Place of publication, distribution, etc. Москва
260 ## - PUBLICATION, DISTRIBUTION, ETC.
Name of publisher, distributor, etc. Наука
260 ## - PUBLICATION, DISTRIBUTION, ETC.
Date of publication, distribution, etc. 1984
300 ## - PHYSICAL DESCRIPTION
Extent 190 с.20см.
300 ## - PHYSICAL DESCRIPTION
Accompanying material Библиогр с 189
653 ## - INDEX TERM--UNCONTROLLED
Uncontrolled term Элементы линейной алгебрыи аналитической геометрии.
942 ## - ADDED ENTRY ELEMENTS (KOHA)
Koha item type წიგნი
ეგზემპლარები
Withdrawn status Lost status Damaged status Not for loan Date acquired Barcode Date last seen Price effective from Koha item type
        2018-12-17 16625 2018-12-17 2018-12-17 წიგნი
        2018-12-17 16857 2018-12-17 2018-12-17 წიგნი
        2018-12-17 16858 2018-12-17 2018-12-17 წიგნი